| 000 | 00782nam a2200253Ia 4500 | ||
|---|---|---|---|
| 008 | 170203s9999 xx 000 0 und d | ||
| 020 | _a0 276424344 | ||
| 245 | _aReader's Digest book of amazing facts : | ||
| 245 | _ba children's guide to the world / | ||
| 245 | _cReader's Digest Association. | ||
| 260 | _aNew York : | ||
| 260 | _bReader's Digest Association, | ||
| 260 | _c2000 | ||
| 300 | _a400 pages : | ||
| 300 | _billustrations (chiefly color) color maps ; | ||
| 300 | _c29 cm. | ||
| 500 | _aIncludes index. | ||
| 650 | _aCuriosities and wonders -- | ||
| 650 | _aCuriosities and wonders. | ||
| 650 | _aHandbooks, vade-mecums, etc. | ||
| 650 | _aHandbooks, vade-mecums, etc. -- | ||
| 650 | _xJuvenile literature. | ||
| 650 | _xJuvenile literature. | ||
| 999 |
_c305958 _d305958 |
||